Sociálna dimenzia jednotného trhu Európskej únie
Potreba harmonizácie sociálnej politiky v súvislosti s projektom dokončenia jednotného trhu. Rozdiely v sociálnej legislatíve ako prekážky pre dobudovanie jednotného trhu. Prijatie Jednotného európskeho aktu v roku 1987. Rozdrobenosť európskeho trhu práce ako výsledok pôsobenia ekonomických a sociál...
Salvato in:
| Autore principale: | |
|---|---|
| Natura: | Capitolo di libro |
| Lingua: | slovacco |
| Soggetti: | |
| Tags: |
Nessun Tag, puoi essere il primo ad aggiungerne!!
|
MARC
| LEADER | 00000naa$a2200000$$$4500 | ||
|---|---|---|---|
| 001 | 0053039 | ||
| 005 | 20240502071618.8 | ||
| 041 | 0 | |a slo | |
| 044 | |a SK | ||
| 245 | 1 | 0 | |a Sociálna dimenzia jednotného trhu Európskej únie |c Beáta Tomková |
| 520 | |a Potreba harmonizácie sociálnej politiky v súvislosti s projektom dokončenia jednotného trhu. Rozdiely v sociálnej legislatíve ako prekážky pre dobudovanie jednotného trhu. Prijatie Jednotného európskeho aktu v roku 1987. Rozdrobenosť európskeho trhu práce ako výsledok pôsobenia ekonomických a sociálnych faktorov. Historické dôvody rozdrobenosti európskeho trhu. | ||
| 610 | 2 | 0 | |a spolupráca hospodárska medzinárodná |
| 610 | 2 | 0 | |a trh medzinárodný |
| 610 | 2 | 0 | |a trh práce |
| 610 | 2 | 0 | |a pohyb síl pracovných |
| 610 | 2 | 0 | |a pohyb tovaru |
| 610 | 2 | 0 | |a pohyb kapitálu |
| 610 | 2 | 0 | |a politika sociálna |
| 610 | 2 | 0 | |a dumping |
| 610 | 2 | 0 | |a migrácia |
| 610 | 2 | 0 | |a Európska únia |
| 610 | 2 | 0 | |a dohody medzinárodné |
| 610 | 2 | 0 | |a harmonizácia |
| 100 | 1 | |a Tomková, Beáta | |